[Event "Verbandsliga Mittelrhein-Ost 1213"]
[Site "Germany"]
[Date "2012.12.02"]
[Round "5.5"]
[White "Mass, Elvira"]
[Black "Herzwurm, Robert"]
[Result "0-1"]
[WhiteElo "1934"]
[BlackElo "2017"]
[PlyCount "56"]
[EventDate "2012.09.09"]
[EventType "team"]
[EventRounds "11"]
[EventCountry "GER"]
[SourceTitle "EXT 2015"]
[Source "ChessBase"]
[SourceDate "2014.11.20"]
[SourceVersion "1"]
[SourceVersionDate "2014.11.20"]
[SourceQuality "1"]
[WhiteTeam "Koeln Porz III"]
[BlackTeam "Euskirchen Turm"]
[WhiteTeamCountry "GER"]
[BlackTeamCountry "GER"]

1. Nf3 Nf6 2. g3 g6 3. Bg2 Bg7 4. 0-0 0-0 5. d3 c5 6. e4 Nc6 7. Nbd2 Rb8 8. Ne1 d6 9. h3 Qc7 10. f4 b5 11. Nef3 a5 12. g4 Ba6 13. Qe1 Nd4 14. Nxd4 cxd4 15. e5 Nd7 16. e6 fxe6 17. Qxe6+ Kh8 18. Nf3 Nc5 19. Qe2 e5 20. fxe5 dxe5 21. Bg5 e4 22. dxe4 b4 23. Qe1 Bxf1 24. Qxf1 Nxe4 25. Qd3 Nxg5 26. Nxg5 Qe5 27. Ne4 Qf4 28. a3 Be5 0-1

[Event "Verbandsliga Mittelrhein-Ost 1213"]
[Site "Germany"]
[Date "2012.10.21"]
[Round "3.6"]
[White "Mass, Elvira"]
[Black "Olbrisch, Manfred"]
[Result "1/2-1/2"]
[WhiteElo "1947"]
[BlackElo "1946"]
[PlyCount "105"]
[EventDate "2012.09.09"]
[EventType "team"]
[EventRounds "11"]
[EventCountry "GER"]
[SourceTitle "EXT 2015"]
[Source "ChessBase"]
[SourceDate "2014.11.20"]
[SourceVersion "1"]
[SourceVersionDate "2014.11.20"]
[SourceQuality "1"]
[WhiteTeam "Koeln Porz III"]
[BlackTeam "Hennef"]
[WhiteTeamCountry "GER"]
[BlackTeamCountry "GER"]

1. Nf3 d5 2. g3 Bg4 3. Bg2 h5 4. d3 Nc6 5. Nbd2 Qd7 6. h3 Bxf3 7. Nxf3 g6 8. h4 Bg7 9. c3 Nf6 10. Bf4 Ng4 11. d4 0-0-0 12. Bh3 f5 13. Qc2 e5 14. dxe5 Ngxe5 15. Nxe5 Nxe5 16. 0-0-0 Qe6 17. f3 Kb8 18. e4 Nxf3 19. exf5 Qa6 20. Qb3 d4 21. Bg2 Ne5 22. cxd4 Nc6 23. d5 Nd4 24. Qb4 Ne2+ 25. Kb1 Nxf4 26. gxf4 Rd6 27. Qe4 Rb6 28. Rd2 Qa3 29. Qe2 gxf5 30. Rh3 Qd6 31. Re3 a6 32. Qc4 Qf6 33. Ree2 Qxh4 34. Rc2 Rc8 35. d6 Rxd6 36. Rc1 Qd8 37. Rec2 Rd1 38. Bf3 Rxc1+ 39. Rxc1 Qf6 40. Qb3 Qb6 41. Qxb6 cxb6 42. Rxc8+ Kxc8 43. Bxh5 Kd7 44. Bf3 Bh6 45. Bxb7 a5 46. Kc2 Bxf4 47. Kd3 Kd6 48. b3 Bc1 49. a4 Ke5 50. Ke2 Kd4 51. Kf3 Kc5 52. Bc8 f4 53. Be6 1/2-1/2

[Event "Golden Sands Europe op 1st"]
[Site "Golden Sands"]
[Date "2012.06.08"]
[Round "5"]
[White "Mass, Elvira"]
[Black "Dimov, Dian"]
[Result "0-1"]
[WhiteElo "1988"]
[BlackElo "2289"]
[PlyCount "130"]
[EventDate "2012.06.04"]
[EventType "swiss"]
[EventRounds "9"]
[EventCountry "BUL"]
[SourceTitle "CBM 148 Extra"]
[Source "ChessBase"]
[SourceDate "2012.06.22"]
[SourceVersion "1"]
[SourceVersionDate "2012.06.22"]
[SourceQuality "1"]

1. Nf3 g6 2. e4 Bg7 3. d4 d6 4. Bd3 Nd7 5. 0-0 e5 6. c3 Ngf6 7. h3 0-0 8. Nbd2 c6 9. dxe5 dxe5 10. Nc4 Qc7 11. b4 b6 12. a4 Bb7 13. Qe2 Rfe8 14. Rd1 Rad8 15. Bc2 Nf8 16. Rxd8 Rxd8 17. Ncxe5 Nh5 18. Nxf7 Kxf7 19. Qc4+ Ke8 20. Bb3 Rd7 21. Be3 Nf4 22. Nd4 Re7 23. f3 Be5 24. Ra2 N4e6 25. Rd2 Bf4 26. Bxf4 Qxf4 27. Qd3 Nxd4 28. cxd4 Qg3 29. Qe2 Ne6 30. Qf2 Qd6 31. Bxe6 Rxe6 32. Rb2 Qf4 33. Qd2 Qxd2 34. Rxd2 Kd7 35. Kf2 Re8 36. Ke3 Ra8 37. a5 bxa5 38. bxa5 Rb8 39. Rb2 Kc7 40. h4 Ba6 41. Rc2 Kd7 42. Rc5 Rb5 43. Kf4 Rxc5 44. dxc5 Ke6 45. Ke3 h5 46. f4 Bf1 47. g3 Bg2 48. Kd4 Bh1 49. Ke3 Kd7 50. Kd4 Kc7 51. Ke5 Bf3 52. f5 gxf5 53. exf5 Kd7 54. Kf4 Bg4 55. Kg5 Ke7 56. Kg6 Be2 57. Kg7 Bc4 58. f6+ Ke8 59. Kh6 Bf7 60. Kg7 a6 61. Kh6 Kd7 62. Kg5 Ke6 63. g4 hxg4 64. Kxg4 Kxf6 65. Kf4 Bg6 0-1

[Event "Reykjavik op"]
[Site "Reykjavik"]
[Date "2012.03.11"]
[Round "6"]
[White "Hauksdottir, Hrund"]
[Black "Mass, Elvira"]
[Result "1-0"]
[WhiteElo "1627"]
[BlackElo "2040"]
[PlyCount "80"]
[EventDate "2012.03.06"]
[EventType "swiss"]
[EventRounds "9"]
[EventCountry "ISL"]
[SourceTitle "CBM 147 Extra"]
[Source "ChessBase"]
[SourceDate "2012.04.24"]
[SourceVersion "1"]
[SourceVersionDate "2012.04.24"]
[SourceQuality "1"]

1. e4 e6 2. d4 d5 3. exd5 exd5 4. Bd3 c5 5. dxc5 Bxc5 6. Nf3 Nf6 7. 0-0 0-0 8. Bg5 Nc6 9. Nc3 Be6 10. a3 h6 11. Bh4 a6 12. Re1 Re8 13. Qd2 Be7 14. Rad1 d4 15. Bxf6 Bxf6 16. Ne2 Bd5 17. Qf4 Bxf3 18. Qxf3 Ne5 19. Qxb7 Qd6 20. Qe4 g6 21. Qf4 Kg7 22. Kf1 Rad8 23. Qg3 Qb6 24. b3 Qa5 25. a4 Nc6 26. Qf3 Nb4 27. Ng3 Rc8 28. Rxe8 Rxe8 29. Ne4 Bd8 30. Bc4 f5 31. c3 Rxe4 32. cxb4 Qxb4 33. Bxa6 Ba5 34. g3 Qc3 35. Qxc3 dxc3 36. Bd3 Re7 37. Rb1 Bb4 38. Rd1 Kf6 39. Bc2 g5 40. Rd4 Ba3 1-0

[Event "Cologne Longerich op 8th"]
[Site "Cologne"]
[Date "2011.08.14"]
[Round "5"]
[White "Mass, Elvira"]
[Black "Mladenov, Svetlin"]
[Result "0-1"]
[WhiteElo "1884"]
[BlackElo "2406"]
[PlyCount "114"]
[EventDate "2011.08.12"]
[EventType "swiss"]
[EventRounds "5"]
[EventCountry "GER"]
[SourceTitle "EXT 2017"]
[Source "ChessBase"]
[SourceDate "2016.10.25"]
[SourceVersion "1"]
[SourceVersionDate "2016.10.25"]
[SourceQuality "1"]

1. Nf3 Nf6 2. g3 g6 3. Bg2 Bg7 4. 0-0 0-0 5. d4 d6 6. c4 Nbd7 7. Nc3 e5 8. e4 exd4 9. Nxd4 Re8 10. Re1 a6 11. b3 Rb8 12. Bb2 Nc5 13. Qd2 Bd7 14. b4 Na4 15. Nxa4 Bxa4 16. Rac1 c5 17. Nb3 cxb4 18. Qxb4 Bxb3 19. axb3 a5 20. Qb5 Nd7 21. Bxg7 Kxg7 22. Rcd1 Re5 23. Rd5 Qc7 24. Red1 Nf6 25. Rxe5 dxe5 26. h3 Re8 27. Ra1 b6 28. Rd1 Re6 29. Rd3 Qe7 30. f3 Nh5 31. Kh2 Nf6 32. Qa4 Qc5 33. Qa1 Rd6 34. Qd1 Rxd3 35. Qxd3 Qd4 36. Qc2 Nd7 37. Bf1 Nc5 38. Kg2 Kf6 39. Be2 Ke7 40. Kf1 Ne6 41. Qc1 h5 42. h4 Kd7 43. Qa3 Qd6 44. Qa4+ Ke7 45. Qa1 f6 46. Qc1 g5 47. Qe3 gxh4 48. gxh4 Nf4 49. Qg1 Kf7 50. Qe3 Qe6 51. Qf2 Qh3+ 52. Kg1 Qg3+ 53. Kf1 Qxf2+ 54. Kxf2 Ke7 55. Bd1 Kd6 56. Ke3 Kc5 57. Kd2 Kd4 0-1

[Event "Cologne Longerich op 8th"]
[Site "Cologne"]
[Date "2011.08.14"]
[Round "4"]
[White "Schmidt, Johannes"]
[Black "Mass, Elvira"]
[Result "1/2-1/2"]
[WhiteElo "2100"]
[BlackElo "1884"]
[PlyCount "67"]
[EventDate "2011.08.12"]
[EventType "swiss"]
[EventRounds "5"]
[EventCountry "GER"]
[SourceTitle "CBM 144 Extra"]
[Source "ChessBase"]
[SourceDate "2011.10.28"]
[SourceVersion "1"]
[SourceVersionDate "2011.10.28"]
[SourceQuality "1"]

1. c4 e6 2. Nf3 d5 3. b3 Nf6 4. Bb2 Be7 5. g3 0-0 6. Bg2 c5 7. 0-0 Nc6 8. e3 b6 9. Nc3 Bb7 10. Qe2 Rc8 11. d3 Qc7 12. Ne1 dxc4 13. bxc4 Rfd8 14. f4 Qb8 15. g4 Nb4 16. Bh3 e5 17. a3 Na6 18. fxe5 Qxe5 19. Nd5 Qd6 20. Nxf6+ Bxf6 21. Bxf6 gxf6 22. g5 fxg5 23. Bxc8 Bxc8 24. Qh5 Qg6 25. Qxg6+ hxg6 26. Kf2 Nb8 27. Ke2 Nc6 28. Nf3 g4 29. Ne1 Ne5 30. a4 Nc6 31. Kd2 Bf5 32. Kc3 Kg7 33. Rd1 Rh8 34. Rf2 1/2-1/2

[Event "Litomysl op 12th"]
[Site "Litomysl"]
[Date "2010.12.28"]
[Round "4"]
[White "Cizinsky, Petr"]
[Black "Mass, Elvira"]
[Result "1-0"]
[WhiteElo "2148"]
[BlackElo "1988"]
[PlyCount "53"]
[EventDate "2010.12.26"]
[EventType "swiss"]
[EventRounds "9"]
[EventCountry "CZE"]
[SourceTitle "CBM 140 Extra"]
[Source "ChessBase"]
[SourceDate "2011.03.01"]
[SourceVersion "1"]
[SourceVersionDate "2011.03.01"]
[SourceQuality "1"]

1. e4 g6 2. d4 Bg7 3. Be3 d6 4. Nc3 Nd7 5. Qd2 e5 6. Nf3 Ngf6 7. 0-0-0 a6 8. dxe5 dxe5 9. Nxe5 Nxe4 10. Nxe4 Bxe5 11. Bg5 f6 12. Bh6 g5 13. g3 g4 14. Be2 Rg8 15. h3 f5 16. Bg5 Rxg5 17. Nxg5 Qf6 18. hxg4 f4 19. Nxh7 Bxb2+ 20. Kb1 Qb6 21. Qd5 Be5+ 22. Qb3 fxg3 23. fxg3 Bxg3 24. g5 Be5 25. Bh5+ Ke7 26. Rhe1 Qxb3+ 27. axb3 1-0

[Event "Litomysl op 12th"]
[Site "Litomysl"]
[Date "2010.12.27"]
[Round "2"]
[White "Volodin, Viktor Nikolaevich"]
[Black "Mass, Elvira"]
[Result "1-0"]
[WhiteElo "2223"]
[BlackElo "1988"]
[PlyCount "85"]
[EventDate "2010.12.26"]
[EventType "swiss"]
[EventRounds "9"]
[EventCountry "CZE"]
[SourceTitle "CBM 140 Extra"]
[Source "ChessBase"]
[SourceDate "2011.03.01"]
[SourceVersion "1"]
[SourceVersionDate "2011.03.01"]
[SourceQuality "1"]

1. Nf3 Nf6 2. c4 g6 3. d4 Bg7 4. g3 0-0 5. Bg2 d6 6. 0-0 Nbd7 7. Nc3 e5 8. h3 Re8 9. e4 exd4 10. Nxd4 Nc5 11. Re1 Bd7 12. Bf4 a5 13. Rb1 Ne6 14. Be3 Qc8 15. Kh2 h6 16. Nxe6 Bxe6 17. Qd2 Kh7 18. Nd5 Nd7 19. Bd4 c6 20. Bxg7 Kxg7 21. Qd4+ Kh7 22. Ne3 Ne5 23. f4 c5 24. Qxd6 Nxc4 25. Nxc4 Bxc4 26. b3 Ra6 27. Qd2 Be6 28. Red1 Re7 29. Qc3 a4 30. Rb2 axb3 31. axb3 Ra3 32. Rbd2 Rxb3 33. Qf6 Qf8 34. Rd8 Re8 35. Rxe8 Qxe8 36. Rd8 Qxd8 37. Qxd8 c4 38. f5 gxf5 39. exf5 Bxf5 40. Qf6 Bg6 41. Bd5 b5 42. g4 Kg8 43. Qxg6+ 1-0

[Event "GER-chT Federal Cup (Women)"]
[Site "Braunfels"]
[Date "2010.06.05"]
[Round "4"]
[White "Specht, Maria"]
[Black "Mass, Elvira"]
[Result "0-1"]
[WhiteElo "1936"]
[BlackElo "1981"]
[PlyCount "64"]
[EventDate "2010.06.03"]
[EventType "team-swiss"]
[EventRounds "5"]
[EventCountry "GER"]
[SourceTitle "CBM 136 Extra"]
[Source "ChessBase"]
[SourceDate "2010.07.02"]
[SourceVersion "2"]
[SourceVersionDate "2010.07.15"]
[SourceQuality "1"]

1. d4 d5 2. e3 Nf6 3. Bd3 e6 4. Nd2 c5 5. c3 Nc6 6. Ngf3 Bd6 7. 0-0 0-0 8. dxc5 Bxc5 9. Nb3 Bd6 10. Nfd2 Qc7 11. h3 e5 12. e4 a5 13. a4 Be6 14. exd5 Bxd5 15. Bc4 Ne7 16. Bxd5 Nexd5 17. Nf3 h6 18. Re1 Rfe8 19. Nbd2 Rad8 20. Ne4 Nxe4 21. Rxe4 Qc6 22. Qe2 Nf6 23. Rh4 Bf8 24. Bd2 e4 25. Nd4 Qd5 26. Rf4 Re5 27. Re1 Bd6 28. Nb5 Bf8 29. Be3 Rh5 30. c4 Qd3 31. Rxf6 Qxe2 32. Rxe2 Rd1+ 0-1

[Event "GER-chT Federal Cup (Women)"]
[Site "Braunfels"]
[Date "2010.06.04"]
[Round "2"]
[White "Mass, Elvira"]
[Black "Buecker, Simone"]
[Result "1-0"]
[WhiteElo "1981"]
[BlackElo "1674"]
[PlyCount "49"]
[EventDate "2010.06.03"]
[EventType "team-swiss"]
[EventRounds "5"]
[EventCountry "GER"]
[SourceTitle "CBM 136 Extra"]
[Source "ChessBase"]
[SourceDate "2010.07.02"]
[SourceVersion "2"]
[SourceVersionDate "2010.07.15"]
[SourceQuality "1"]

1. e4 d5 2. exd5 Nf6 3. d4 Nxd5 4. Nf3 Bf5 5. Bd3 Bxd3 6. Qxd3 c6 7. 0-0 e6 8. c4 Nf6 9. Nc3 Be7 10. Ne5 Nbd7 11. f4 0-0 12. Be3 Qc7 13. Rf3 Rad8 14. Rd1 c5 15. Rh3 h6 16. Ne4 Nxe4 17. Qxe4 Nxe5 18. fxe5 cxd4 19. Bxh6 Bc5 20. Bxg7 d3+ 21. Kh1 f5 22. exf6 Kf7 23. Bxf8 Kxf8 24. Rh8+ Kf7 25. Rh7+ 1-0

[Event "BL2 West 0910 (Women)"]
[Site "Germany"]
[Date "2010.03.14"]
[Round "7.2"]
[White "Mass, Elvira"]
[Black "Kryger, Oksana"]
[Result "1/2-1/2"]
[WhiteElo "1981"]
[BlackElo "2145"]
[PlyCount "27"]
[EventDate "2009.11.07"]
[EventType "team-tourn"]
[EventRounds "7"]
[EventCountry "GER"]
[SourceTitle "CBM 133 Extra"]
[Source "ChessBase"]
[SourceDate "2010.01.05"]
[SourceVersion "1"]
[SourceVersionDate "2010.01.05"]
[SourceQuality "1"]
[WhiteTeam "Dortmund 1875 (W)"]
[BlackTeam "Muelheim Nord (W)"]
[WhiteTeamCountry "GER"]
[BlackTeamCountry "GER"]

1. e4 e6 2. d4 d5 3. exd5 exd5 4. Bd3 Bd6 5. Qf3 c6 6. Ne2 Be6 7. 0-0 Nf6 8. h3 Nbd7 9. Bf4 Nf8 10. Re1 Ng6 11. Bg5 Qa5 12. Nd2 0-0 13. Nb3 Qd8 14. Bxf6 1/2-1/2

[Event "BL2 West 0809 (Women)"]
[Site "Germany"]
[Date "2008.12.07"]
[Round "4.1"]
[White "Mass, Elvira"]
[Black "Calzetta Ruiz, Monica"]
[Result "0-1"]
[WhiteElo "1982"]
[BlackElo "2328"]
[PlyCount "62"]
[EventDate "2008.11.08"]
[EventType "team-tourn"]
[EventRounds "7"]
[EventCountry "GER"]
[SourceTitle "EXT 2010"]
[Source "ChessBase"]
[SourceDate "2010.11.25"]
[SourceVersion "1"]
[SourceVersionDate "2010.11.25"]
[SourceQuality "1"]
[WhiteTeam "Erftstadt SV (W)"]
[BlackTeam "Kiel Doppelbauer (W)"]
[WhiteTeamCountry "GER"]
[BlackTeamCountry "GER"]

1. e4 c5 2. c3 d5 3. exd5 Qxd5 4. d4 g6 5. Nf3 Bg7 6. Be2 cxd4 7. cxd4 Nh6 8. Nc3 Qd8 9. Bf4 0-0 10. Qd2 Nf5 11. Nb5 Na6 12. 0-0 Bd7 13. Rfd1 Bxb5 14. Bxb5 Nc7 15. Bc4 Nd5 16. Ne5 Rc8 17. Bb3 Nxf4 18. Qxf4 Qd6 19. Qe4 Rc7 20. Qd5 Qxd5 21. Bxd5 e6 22. Be4 Nxd4 23. Rxd4 Bxe5 24. Rb4 b6 25. Rd1 Rfc8 26. b3 Rc1 27. Rf1 Bxh2+ 28. Kxh2 Rxf1 29. Kg3 f5 30. Bd3 Rc3 31. Rd4 Rd1 0-1